Qué es autoridad ?: introducción a la lógica de la autoridad
Salvato in:
| Autore principale: | |
|---|---|
| Natura: | Libro |
| Lingua: | spagnolo |
| Pubblicazione: |
Barcelona
Herder
1989
|
| Edizione: | 2a. ed |
| Serie: | Biblioteca de Filosofía, 9
|
| Soggetti: | |
| Tags: |
Aggiungi Tag
Nessun Tag, puoi essere il primo ad aggiungerne!!
|
MARC
| LEADER | 00000nam a2200000 a 4500 | ||
|---|---|---|---|
| 001 | UCV2010 | ||
| 003 | CL-VaPUC | ||
| 008 | 910912e19890000SP |||||||||||||||||spa|d | ||
| 082 | 0 | 4 | |a 171.1 |b BOC |2 21 |
| 100 | 0 | |a Bochénski, J. M |e author |9 296191 | |
| 245 | 1 | 0 | |a Qué es autoridad ?: introducción a la lógica de la autoridad |
| 250 | |a 2a. ed | ||
| 300 | |a 154 p | ||
| 942 | |c BK | ||
| 945 | |d 19910912 00:00:00 | ||
| 260 | |a Barcelona |b Herder |c 1989 | ||
| 650 | 0 | |a Autoridad |9 257105 | |
| 583 | |a last modification |c 19910912 00:00:00 |k Rodrigo Vera | ||
| 490 | 0 | |a Biblioteca de Filosofía, 9 | |
| 999 | |c 209706 |d 209704 | ||
| 952 | |0 0 |1 0 |4 0 |6 171_100000000000000_BOC_1989 |7 0 |8 DER_TF |9 185341 |a BIBDER |b BIBDER |d 2019-11-14 |i 2528509 |l 1 |o 171.1 BOC 1989 |p 2528509 |r 2023-01-25 |s 2020-03-17 |w 2019-11-14 |x Ubicación 4to Piso |y BK |z Estos recursos deben solicitarse con anticipación |k DER | ||